Score 0/20 Timer 06:00
0 Plays Today
Name that Staffer Name % Correct
HostHoward Stern
98.8%
Co-hostRobin Quivers
95.3%
ProducerGary 'Baba Booey' Dellabate
92.9%
ComedianArtie Lange
91.7%
Sound EffectsFred Norris
91.7%
Driver/SecurityRonnie 'The Limo Driver' Mund
87.8%
EngineerScott 'The Engineer' Salem
87%
Bit ProducerSal 'The Stockbroker' Governale
85.4%
Bit ProducerRichard Christy
85.4%
Howard 100 News AnchorLisa G
81.9%
Name that Staffer Name % Correct
TV WatcherJ.D. Harmeyer
81.1%
Howards StylistRalph Cirella
81.1%
WriterBenjy Bronk
78.7%
Wrap Up Show HostJohn Hein
73.6%
PhotographerJason Kaplan
70.1%
Howard 100 News AnchorSteve Langford
69.7%
Segment ProducerWill Murray
69.3%
TV DirectorScott Depace
62.6%
TV ProducerDoug Z. Goodstein
51.6%
Associate TV ProducerMike Gange
46.9%
Come Together.
Have Fun.
All Virtual.
We all need to come together. Play Sporcle's virtual live trivia to have fun, connect with people, and get your trivia on. Join a live hosted trivia game for your favorite pub trivia experience done virtually. If a virtual private party is more your thing, go here for details.

You're not logged in!

Compare scores with friends on all Sporcle quizzes.
OR
Log In

Sporcle TV

Today on Sporcle TV


Watch our educational content, quiz creation guides, and fun videos on Sporcle TV.

Show Comments

Extras

Top Quizzes Today


Score Distribution

Paid Content

Your Account Isn't Verified!

In order to create a playlist on Sporcle, you need to verify the email address you used during registration. Go to your Sporcle Settings to finish the process.

Report this User

Report this user for behavior that violates our Community Guidelines.

Details: